[Event "Vung Tau Dragon Capital op"]
[Site "Vung Tau"]
[Date "2008.08.28"]
[Round "3"]
[White "So, Wesley"]
[Black "Dang, Bich Ngoc"]
[Result "1-0"]
[WhiteElo "2577"]
[BlackElo "2194"]
[PlyCount "67"]
[EventDate "2008.08.27"]
[EventType "swiss"]
[EventRounds "9"]
[EventCountry "VIE"]
[SourceTitle "CBM 126 Extra"]
[Source "ChessBase"]
[SourceDate "2008.11.05"]
[SourceVersion "1"]
[SourceVersionDate "2008.11.05"]
[SourceQuality "1"]

1. e4 c5 2. Nf3 Nc6 3. d4 cxd4 4. Nxd4 Nf6 5. Nc3 e5 6. Ndb5 d6 7. Bg5 a6 8.
Na3 b5 9. Nd5 Be7 10. Bxf6 Bxf6 11. c4 b4 12. Nc2 a5 13. g3 Bg5 14. h4 Bh6 15.
Bh3 Be6 16. Bxe6 fxe6 17. Qh5+ Kf8 18. Nde3 Qf6 19. O-O Ke7 20. Qe2 Bxe3 21.
Qxe3 Nd4 22. Nxd4 exd4 23. Qd3 Rac8 24. a3 Rc7 25. axb4 axb4 26. f4 Rhc8 27. b3
Rf8 28. Ra5 Rb7 29. e5 dxe5 30. Rxe5 Rd8 31. Rfe1 Rb6 32. f5 Kf8 33. c5 Rc6 34.
fxe6 1-0

[Event "Vung Tau Dragon Capital op"]
[Site "Vung Tau"]
[Date "2008.08.29"]
[Round "4"]
[White "Goh, Wei Ming Kevin"]
[Black "So, Wesley"]
[Result "0-1"]
[WhiteElo "2403"]
[BlackElo "2577"]
[PlyCount "38"]
[EventDate "2008.08.27"]
[EventType "swiss"]
[EventRounds "9"]
[EventCountry "VIE"]
[SourceTitle "CBM 126 Extra"]
[Source "ChessBase"]
[SourceDate "2008.11.05"]
[SourceVersion "1"]
[SourceVersionDate "2008.11.05"]
[SourceQuality "1"]

1. d4 Nf6 2. c4 e6 3. Nc3 Bb4 4. Qc2 O-O 5. e4 d6 6. e5 dxe5 7. dxe5 Ng4 8. Nf3
Nc6 9. Bf4 Nd4 10. Qe4 Bc5 11. Rd1 f5 12. exf6 e5 13. Bg5 gxf6 14. Bh4 c6 15.
Qb1 Qe8 16. h3 Nh6 17. Be2 Ndf5 18. Qe4 Qg6 19. Nd4 exd4 0-1

[Event "Vung Tau Dragon Capital op"]
[Site "Vung Tau"]
[Date "2008.08.30"]
[Round "6"]
[White "Dao, Thien Hai"]
[Black "So, Wesley"]
[Result "1/2-1/2"]
[WhiteElo "2489"]
[BlackElo "2577"]
[PlyCount "36"]
[EventDate "2008.08.27"]
[EventType "swiss"]
[EventRounds "9"]
[EventCountry "VIE"]
[SourceTitle "CBM 126 Extra"]
[Source "ChessBase"]
[SourceDate "2008.11.05"]
[SourceVersion "1"]
[SourceVersionDate "2008.11.05"]
[SourceQuality "1"]

1. d4 Nf6 2. c4 e6 3. Nf3 b6 4. g3 Ba6 5. b3 Bb4+ 6. Bd2 Be7 7. Bg2 O-O 8. O-O
c6 9. Bc3 d5 10. Ne5 Nfd7 11. Nxd7 Nxd7 12. Nd2 Rc8 13. e4 c5 14. exd5 exd5 15.
dxc5 dxc4 16. c6 cxb3 17. Re1 Bb5 18. axb3 a5 1/2-1/2

[Event "Manila PGMA Cup 3rd"]
[Site "Manila"]
[Date "2008.09.11"]
[Round "7"]
[White "So, Wesley"]
[Black "Wang, Li"]
[Result "1/2-1/2"]
[WhiteElo "2577"]
[BlackElo "2392"]
[PlyCount "44"]
[EventDate "2008.09.07"]
[EventType "swiss"]
[EventRounds "9"]
[EventCountry "PHI"]
[SourceTitle "CBM 126 Extra"]
[Source "ChessBase"]
[SourceDate "2008.11.05"]
[SourceVersion "1"]
[SourceVersionDate "2008.11.05"]
[SourceQuality "1"]

1. e4 c5 2. Nf3 e6 3. d4 cxd4 4. Nxd4 a6 5. Bd3 d5 6. O-O dxe4 7. Bxe4 Nf6 8.
Bf3 Qc7 9. Re1 Bd7 10. Nc3 Nc6 11. Nxc6 Bxc6 12. Bxc6+ Qxc6 13. Bg5 Be7 14. Qe2
O-O 15. Ne4 Nd5 16. Rad1 Bxg5 17. Nxg5 h6 18. Nf3 Rad8 19. Rd4 Qb6 20. c3 Ne7
21. Rb4 Qc7 22. Qe5 Qxe5 1/2-1/2

[Event "Manila Pichay Cup 4th"]
[Site "Manila"]
[Date "2008.09.15"]
[Round "3"]
[White "Wan, Yunguo"]
[Black "So, Wesley"]
[Result "1/2-1/2"]
[WhiteElo "2471"]
[BlackElo "2577"]
[PlyCount "115"]
[EventDate "2008.09.14"]
[EventType "swiss"]
[EventRounds "9"]
[EventCountry "PHI"]
[SourceTitle "CBM 126 Extra"]
[Source "ChessBase"]
[SourceDate "2008.11.05"]
[SourceVersion "1"]
[SourceVersionDate "2008.11.05"]
[SourceQuality "1"]

1. e4 c5 2. Nf3 Nc6 3. d4 cxd4 4. Nxd4 Nf6 5. Nc3 e5 6. Ndb5 d6 7. Nd5 Nxd5 8.
exd5 Nb8 9. c4 Be7 10. Be2 O-O 11. O-O a6 12. Nc3 f5 13. f3 Nd7 14. Rb1 Bg5 15.
b4 b6 16. a3 a5 17. Nb5 Bxc1 18. Qxc1 Rf6 19. f4 axb4 20. axb4 Ra2 21. Nc3 Ra7
22. Qe3 exf4 23. Qxf4 Ne5 24. Ra1 Rxa1 25. Rxa1 Rf8 26. Ra8 Qe7 27. Qd4 f4 28.
Ne4 Ng6 29. Bf3 Bf5 30. Ra1 Ne5 31. Nd2 Nxf3+ 32. Nxf3 Qe3+ 33. Qxe3 fxe3 34.
Re1 Re8 35. Nd4 Bd3 36. c5 bxc5 37. bxc5 dxc5 38. Ne6 Bc4 39. Nxc5 Bxd5 40. Nd3
Bc4 41. Nf4 g5 42. Nh5 Kf7 43. Ng3 Kg6 44. Nf1 Bxf1 45. Kxf1 Kf5 46. Ke2 Ke4
47. Ra1 Rd8 48. Ra4+ Rd4 49. Ra2 h5 50. Rb2 h4 51. Ra2 g4 52. Rb2 Kf4 53. Ra2
Ke4 54. Rb2 Ra4 55. Rc2 Kd4 56. Rb2 h3 57. gxh3 gxh3 58. Rc2 1/2-1/2

[Event "Asia Clubs 1st"]
[Site "Al Ain"]
[Date "2008.12.25"]
[Round "1"]
[White "So, Wesley"]
[Black "Alsharfi, SS."]
[Result "1-0"]
[WhiteElo "2610"]
[BlackElo "2136"]
[PlyCount "49"]
[EventDate "2008.12.25"]
[EventType "team"]
[EventRounds "7"]
[EventCountry "UAE"]
[SourceTitle "CBM 127 Extra"]
[Source "ChessBase"]
[SourceDate "2009.01.08"]
[SourceVersion "2"]
[SourceVersionDate "2009.01.28"]
[SourceQuality "1"]

1. e4 e5 2. Bc4 Nf6 3. d3 Be7 4. Nc3 c6 5. Nf3 d6 6. O-O O-O 7. a3 h6 8. h3 d5
9. Ba2 dxe4 10. Nxe5 exd3 11. cxd3 Bd6 12. d4 Nbd7 13. Re1 Nb6 14. Bf4 Bf5 15.
Qf3 Be6 16. Bxe6 fxe6 17. Ng6 Re8 18. Ne4 Bxf4 19. Nxf4 Nxe4 20. Rxe4 Qf6 21.
Rae1 Rad8 22. Qg4 Rf8 23. Nxe6 Qxf2+ 24. Kh2 Nd5 25. Qxg7# 1-0

[Event "Asia Clubs 1st"]
[Site "Al Ain"]
[Date "2008.12.26"]
[Round "2"]
[White "Gundavaa, Bayarsaihan"]
[Black "So, Wesley"]
[Result "0-1"]
[WhiteElo "2458"]
[BlackElo "2610"]
[PlyCount "72"]
[EventDate "2008.12.25"]
[EventType "team"]
[EventRounds "7"]
[EventCountry "UAE"]
[SourceTitle "CBM 127 Extra"]
[Source "ChessBase"]
[SourceDate "2009.01.08"]
[SourceVersion "2"]
[SourceVersionDate "2009.01.28"]
[SourceQuality "1"]

1. d4 Nf6 2. c4 e6 3. Nf3 b6 4. g3 Ba6 5. Qc2 Bb7 6. Bg2 c5 7. d5 exd5 8. cxd5
Nxd5 9. O-O Be7 10. Rd1 Nc6 11. Qa4 Nf6 12. e4 Nb4 13. e5 Ne4 14. a3 a5 15. e6
O-O 16. Ne5 d6 17. Nc3 Nxc3 18. bxc3 Bxg2 19. Kxg2 Qc8 20. exf7+ Kh8 21. Nf3
Rxf7 22. cxb4 axb4 23. Qb3 c4 24. Qe3 Qc6 25. Rd4 Bf6 26. Rf4 Re7 27. Qd2 Bxa1
28. Qxb4 Re4 29. Rf7 Qd5 30. Rd7 Re6 31. Bf4 Rf8 32. Qxb6 Be5 33. Qb7 Qxb7 34.
Rxb7 Bxf4 35. gxf4 h6 36. Nd4 Re4 0-1

[Event "Asia Clubs 1st"]
[Site "Al Ain"]
[Date "2008.12.30"]
[Round "6"]
[White "So, Wesley"]
[Black "Bui, Vinh"]
[Result "1-0"]
[WhiteElo "2610"]
[BlackElo "2507"]
[PlyCount "49"]
[EventDate "2008.12.25"]
[EventType "team"]
[EventRounds "7"]
[EventCountry "UAE"]
[SourceTitle "CBM 127 Extra"]
[Source "ChessBase"]
[SourceDate "2009.01.08"]
[SourceVersion "2"]
[SourceVersionDate "2009.01.28"]
[SourceQuality "1"]

1. e4 c5 2. Nf3 e6 3. d4 cxd4 4. Nxd4 a6 5. Bd3 Bc5 6. Nb3 Be7 7. f4 d6 8. Qf3
Nd7 9. Be3 Qc7 10. N1d2 b6 11. g4 Bb7 12. g5 O-O-O 13. Qe2 a5 14. Nd4 Kb8 15.
Nb5 Qc6 16. O-O-O e5 17. Bc4 exf4 18. Bxf4 Rc8 19. c3 Ne5 20. Bd5 Qe8 21. Bxb7
Kxb7 22. Bxe5 dxe5 23. Nc4 Bxg5+ 24. Kb1 Qe6 25. Nbd6+ 1-0

[Event "Ho Chi Minh City zt 3.3"]
[Site "Ho Chi Minh City"]
[Date "2009.07.24"]
[Round "3"]
[White "Nguyen, Van Huy"]
[Black "So, Wesley"]
[Result "0-1"]
[WhiteElo "2414"]
[BlackElo "2646"]
[PlyCount "92"]
[EventDate "2009.07.23"]
[EventType "swiss"]
[EventRounds "9"]
[EventCountry "VIE"]
[SourceTitle "CBM 131 Extra"]
[Source "ChessBase"]
[SourceDate "2009.09.03"]
[SourceVersion "2"]
[SourceVersionDate "2009.09.16"]
[SourceQuality "1"]

1. e4 c5 2. Nf3 e6 3. d4 cxd4 4. Nxd4 Nf6 5. Nc3 Nc6 6. Be2 Bb4 7. Nxc6 bxc6 8.
O-O d5 9. exd5 cxd5 10. Nb5 O-O 11. c4 a6 12. Nd4 Qc7 13. cxd5 Nxd5 14. Bf3 Bb7
15. Qa4 Bd6 16. g3 Be5 17. Bg2 Rfc8 18. Nf3 Bf6 19. Rb1 Bc6 20. Qg4 Bb5 21. Rd1
Be2 22. Re1 Bd3 23. Ra1 Rab8 24. a3 Qc2 25. Ng5 Bf5 26. Qf3 Bd4 27. Ne4 Bxe4
28. Rxe4 Bxb2 29. Bxb2 Qxb2 30. Ree1 Nc3 31. h4 h6 32. Qe3 Rb3 33. Qa7 Ne2+ 34.
Kh2 Nc1 35. Raxc1 Rxc1 36. Rxc1 Qxc1 37. Qa8+ Kh7 38. Qe4+ g6 39. h5 Qg5 40.
hxg6+ Qxg6 41. Qh4 Qg5 42. Qe4+ Kg7 43. Qd4+ Qf6 44. Qg4+ Kh8 45. Qa4 Rb2 46.
f4 e5 0-1

[Event "Ho Chi Minh City zt 3.3"]
[Site "Ho Chi Minh City"]
[Date "2009.07.25"]
[Round "4"]
[White "So, Wesley"]
[Black "Chan, Wei Xuan Timothy"]
[Result "1-0"]
[WhiteElo "2646"]
[BlackElo "2344"]
[PlyCount "113"]
[EventDate "2009.07.23"]
[EventType "swiss"]
[EventRounds "9"]
[EventCountry "VIE"]
[SourceTitle "CBM 131 Extra"]
[Source "ChessBase"]
[SourceDate "2009.09.03"]
[SourceVersion "2"]
[SourceVersionDate "2009.09.16"]
[SourceQuality "1"]

1. d4 Nf6 2. c4 e6 3. g3 d5 4. Nf3 dxc4 5. Bg2 Bb4+ 6. Bd2 c5 7. Bxb4 cxb4 8.
Ne5 O-O 9. Nxc4 Nc6 10. e3 e5 11. d5 b5 12. dxc6 Qxd1+ 13. Kxd1 bxc4 14. a3 b3
15. Nd2 Be6 16. Rc1 Rac8 17. Nxc4 e4 18. Nd2 Bd5 19. c7 Rfe8 20. Bh3 Be6 21.
Bxe6 Rxe6 22. Ke2 Re7 23. Rhd1 Rexc7 24. Rxc7 Rxc7 25. Nxe4 Rc2+ 26. Ke1 Kf8
27. Nxf6 gxf6 28. Rd2 Rc1+ 29. Ke2 Kg7 30. e4 Kg6 31. Ke3 a5 32. h4 h6 33. Rd5
a4 34. Rd4 Rc2 35. Rxa4 Rxb2 36. Rb4 Rb1 37. Kd4 Rf1 38. Rxb3 Rxf2 39. Kc5 Re2
40. a4 Rxe4 41. a5 Re5+ 42. Kb6 Re6+ 43. Kb7 Re7+ 44. Ka8 Re8+ 45. Rb8 Re6 46.
Ka7 Re7+ 47. Rb7 Re3 48. Rb5 f5 49. a6 Rxg3 50. Kb7 Ra3 51. a7 Rxa7+ 52. Kxa7
f4 53. Kb6 f5 54. Kc5 Kh5 55. Kd4 Kg4 56. Kd3 h5 57. Ke2 1-0

[Event "Ho Chi Minh City zt 3.3"]
[Site "Ho Chi Minh City"]
[Date "2009.07.26"]
[Round "5"]
[White "Laylo, Darwin"]
[Black "So, Wesley"]
[Result "1/2-1/2"]
[WhiteElo "2494"]
[BlackElo "2646"]
[PlyCount "26"]
[EventDate "2009.07.23"]
[EventType "swiss"]
[EventRounds "9"]
[EventCountry "VIE"]
[SourceTitle "CBM 131 Extra"]
[Source "ChessBase"]
[SourceDate "2009.09.03"]
[SourceVersion "2"]
[SourceVersionDate "2009.09.16"]
[SourceQuality "1"]

1. d4 Nf6 2. c4 g6 3. g3 c6 4. Bg2 d5 5. cxd5 cxd5 6. Nf3 Bg7 7. O-O O-O 8. Ne5
e6 9. Nc3 Nfd7 10. Nxd7 Bxd7 11. e3 Bc6 12. a4 a5 13. b3 Re8 1/2-1/2

[Event "World Cup"]
[Site "Khanty-Mansiysk"]
[Date "2009.11.21"]
[Round "1.1"]
[White "So, Wesley"]
[Black "Guseinov, Gadir"]
[Result "1-0"]
[WhiteElo "2640"]
[BlackElo "2625"]
[Annotator "So,Wesley"]
[PlyCount "101"]
[EventDate "2009.11.21"]
[EventType "k.o."]
[EventRounds "7"]
[EventCountry "RUS"]
[SourceTitle "CBM 134"]
[Source "ChessBase"]
[SourceDate "2010.01.18"]
[SourceVersion "1"]
[SourceVersionDate "2010.01.18"]
[SourceQuality "1"]

{Since I had already annotated my first game against Kamsky for New In Chess I
decided to present instead this game against Guseinov,which turned out to be a
very difficult match as expected. I could mention that my opponent was the top
scorer for the Azerbaijan team in Olympiad and besides,his rating was 2667 in
the previous quarter. Therefore before the tournament I had to prepare
accordingly if I wanted to try and reach round 2 of the World Cup.} 1. d4 {
(1:30)} Nf6 {(1:30)} 2. Nf3 {(1:31)} g6 {(1:31) The King's Indian is in the
repertoire of most Azerbaijani players. They practise it in lots of games and
usually achieve good results, even if they don't get the desired position in
the opening in some cases.} 3. c4 {(1:31)} Bg7 {(1:31)} 4. Nc3 {(1:31)} O-O {
(1:31)} 5. e4 {(1:30)} d6 {(1:32)} 6. h3 {(1:31)} ({My opponent is a
well-known expert with the rare line} 6. Be2 Bg4 $5 7. Be3 Nfd7 {and he has
lots of experience with it. With 6.h3 I want to prevent ...Bg4 once and for
all, and I may also consider g2-g4 in some positions.}) 6... c5 {(1:31)} 7. d5
{(1:31)} e6 {(1:32)} 8. Bd3 {(1:31)} exd5 {(1:32)} 9. exd5 {(1:32)} Qe7+ {
(1:29) Gadir had already played this move just 1 month before our game,
although I didn't expect him to play like this as I think that the queen move
is inaccurate.} ({Probably preferable is} 9... Re8+ 10. Be3 Bh6 11. O-O Bxe3
12. fxe3 Nbd7 {and compared to the game, White is forced to recapture back
with his f-pawn. Many games have continued like this; Black has an outpost on
e5 and a reliable position, but on the other hand White has some pressure on
the f-file and his plan of Bc2-a4 (which helps to weaken Black's control over
the e5-square by hitting the knight) is quite unpleasant. Objectively this
position must be about equal.}) 10. Be3 {(1:31)} ({In a previous game by Gadir,
his opponent played} 10. Kf1 {although after} Na6 11. g3 Nc7 {intending ...
b7-b5, I don't think White has much. In general this strange plan of manual
castling with Kf1, g2-g3 and Kg2 is too slow to give me anything.}) ({While
theory's main recommendation} 10. Qe2 Qxe2+ 11. Kxe2 Re8+ 12. Kd1 Na6 13. a3
Nc7 14. Bf4 Rd8 {does not seem to give White much as well. Black's position is
not easy to infiltrate, while he can create counterplay on the queenside and
his dark-squared bishop is quite powerful in this case.}) 10... Bh6 {(1:26)}
11. O-O {(1:28)} Bxe3 {(1:26)} 12. Qe2 $1 {(1:26)} Nbd7 {(0:57) Up to now we
both played fast, as I was still following my preparation. But my opponent
used about half an hour for his last move, which I actually find quite strange.
} ({Taking the pawn on f2 is clearly inadvisable, as Black is still
undeveloped to meet White's initiative:} 12... Bxf2+ $2 13. Qxf2 Nh5 14. Rae1
Qd8 15. Qe3 Kg7 (15... f6 16. Qh6 Ng7 17. Ne4 $16) 16. Ng5 $16 {and White has
too many threats.}) ({I think Black's best way to continue is:} 12... Re8 13.
Rae1 a6 (13... Nbd7 {fails to} 14. Nb5 $1) 14. fxe3 Nbd7 {when White was
forced to recapture with his f-pawn,and now the pawn structure is altered.
Black has a nice outpost on e5, although my pressure on the f-file would
compensate for it.}) 13. Rae1 {(1:25)} a6 {(0:46)} ({My opponent again thought
for some time before making his move, as the obvious} 13... Re8 $6 {is not
good due to} 14. Nb5 $1 {[%cal Gb5c7]} Qf8 15. fxe3 Rd8 16. e4 Nh5 17. Qe3 $16
{and White is ready to push with e4-e5, with a clear advantage.}) 14. Qxe3 {
(1:22)} Qxe3 {(0:46)} 15. Rxe3 $14 {(1:22) Now I have a slightly better ending
due to my space advantage, although during the game I was sceptical as to
whether I could win this as Black is quite solid and I didn't yet see a clear
plan for me. But now I think that my position is easier to play, although good
positional technique is required from me (but unfortunately I'm still weak at
it :)).} b5 {(0:35)} ({After the game Gadir suggested} 15... Re8 16. Rxe8+ Nxe8
17. Re1 Kf8 18. g4 $14 {but I'm sure 15...b5 was correct, as this creates more
pressure on my d5-c4 pawn structure.}) 16. Nd2 {(1:10)} ({Of course I would
prefer to keep my pawns on d5 and c4 intact, but unfortunately} 16. b3 b4 $1 {
would misplace my knight and Black has good counterplay after} 17. Na4 (17. Ne4
Nxe4 18. Rxe4 Nf6 19. Re7 a5 $132) 17... Bb7 {followed by ...Rfe8.}) ({I also
considered} 16. cxb5 Nb6 17. Rd1 {but after} c4 $132 {all Black's pieces would
suddenly come into play, and he has sufficient resources to maintain the
balance.} (17... Nbxd5 18. Nxd5 Nxd5 19. Ree1 Nf6 20. a4 d5 21. b3 axb5 22.
Bxb5 $14 {may still give White some pressure, as suggested by the computer.}))
16... Ne5 {(0:22)} (16... Nb6 17. b3 $14) 17. Be2 {(0:57)} Nxc4 {(0:14)} 18.
Bxc4 {(0:34)} bxc4 {(0:14)} 19. Nxc4 {(0:35)} Rd8 {(0:15)} 20. g4 $14 {(0:27)
White still maintains some advantage here due to his space. After the game my
opponent also mentinoned that playing against the knight on c4 is quite
unpleasant. But during the game I wad not sure if I could win this, as Black's
only weakness on d6 is relatively easy to defend.} Bb7 {(0:09)} 21. Rd1 {(0:24)
} h6 {(0:07)} 22. f4 $6 {(0:18) Now this is very dashing and too inaccurate,
and it shows my weaknesses in positional play. It's not clear if I really
needed f2-f4, and it could easily turn out to be a weakening move.} ({The
computer immediately gives} 22. Re7 $1 Rab8 23. Na5 Ba8 24. b3 $16 {when
Black's defence would have been highly unpleasant. During the game I missed 24.
b3, for reasons still unknown to me.}) 22... Re8 $1 {(0:06) Now Black gets to
exchange a pair of rooks, which eases his defence. Here I used almost all of
my time trying to search for something.} 23. Rxe8+ {(0:09)} Nxe8 {(0:06)} 24.
Ne4 {(0:08)} Rd8 {(0:07)} 25. Rd3 {(0:08)} Kf8 {(0:06)} 26. a4 $5 {(0:06) I
want to control the b6-square for my knight after a4-a5, although this
shouldn't give me any advantage as well, and the computer even assesses this
position as completely equal.} Ke7 {(0:06) My opponent offered a draw here,
which is reasonable as we were both in time trouble, about 6 minutes each to
reach move 40 and anything can still happen. I decided to continue playing a
bit even though the most likely result is a draw.} 27. Re3 {(0:05)} Kf8 {(0:04)
} 28. Nb6 {(0:05)} f5 {(0:03)} 29. gxf5 {(0:04)} gxf5 {(0:03)} 30. Nc3 {(0:04)}
Nc7 {(0:02)} ({The easiest way for a peaceful result is} 30... Kf7 31. Kf2 Nf6
32. a5 Nh5 33. Kf3 (33. Ne2 Nf6 $11) 33... Rg8 $11 {and Black has no problems.
However as I said before we were both in time trouble, and Gadir only had
about 3 minutes for 10 moves, and so our inaccuracies were quite
understandable.}) 31. a5 {(0:03)} Kf7 {(0:01)} 32. Kf2 {(0:03)} Bc8 {(0:01)} (
32... Rg8 33. Re1 h5 $11 {[%cal Gh5h4]}) 33. Nc4 {(0:03)} Ne8 {(0:01)} (33...
Bb7 34. Rd3 Ke7 $11) 34. Re1 {(0:02)} Nf6 {(0:01)} 35. Rb1 {[%cal Gb2b4] (0:03)
Here we were both down on our last minutes, and I quickly went for the last
available plan I had left.} Ke7 {(0:01)} 36. b4 {(0:03)} cxb4 {(0:01)} 37. Rxb4
{(0:03)} Bd7 {(0:01)} 38. Nb6 {(0:03) My pawn on a5 turns out to be very
helpful in stabilising my knight on b6 and suddenly I got some pressure on the
queenside. Of course with some accuracy Black should still draw without
trouble.} Rg8 {(0:00)} 39. Rb1 {(0:02)} Kd8 $6 {(0:00) With only seconds
remaining on his clock my opponent panics and gives me real winning chances.} (
{Black could still hold the game after} 39... h5 {[%cal Gh5h4,Gg8g3]} 40. Nxd7
Nxd7 41. Rb7 Rc8 42. Na4 Ke8 $11) 40. Nc4 {(0:32)} Kc7 $2 {(0:30) A terrible
blunder, and it is quite unfortunate that my opponent had to make a difficult
choice on the 40th move.} 41. Rb6 $18 {(0:31) Black has managed to reach the
time control only to find himself in a lost position!} h5 {(0:15) My opponent
used more than 15 minutes for this move, although there is no longer any way
for him to save the game.} 42. Rxd6 {(0:26)} Ne4+ {(0:12)} 43. Nxe4 {(0:26)}
fxe4 {(0:13)} 44. Rxa6 {(0:26)} Bxh3 {(0:13)} 45. Ra7+ {(0:25)} Kb8 {(0:13)}
46. Rh7 {(0:25)} Rc8 {(0:09)} 47. Ne5 {(0:23)} Rc3 {(0:09)} 48. a6 {(0:23)} e3+
{(0:07)} 49. Ke2 {(0:23)} Ra3 {(0:07)} 50. a7+ {(0:22)} Ka8 {(0:07)} 51. Rxh5 {
(0:22) And Gadir finally resigned. I must say that objectively this game
should have been a draw of course, but due to time trouble my opponent badly
blundered. He used a lot of time in the opening and this turned out to be the
decisive factor in the end. In general, I'm happy with my result on this h3
King's Indian and I will certainly continue playing this interesting system.} (
51. Rxh5 Bc8 52. Rh8 Kb7 53. d6 $18) 1-0